Welcome to the Holygrace Academy Library

Please use search bar below to get started

FUNDAMENTALS OF TEXTILES AND THEIR CARE (Record no. 5903)

MARC details
000 -LEADER
fixed length control field 00587nam a22001577a 4500
020 ## - INTERNATIONAL STANDARD BOOK NUMBER
ISBN 81-250-1027-0
082 ## - DEWEY DECIMAL CLASSIFICATION NUMBER
Classification number 646
Item number DAN/F
100 ## - MAIN ENTRY--AUTHOR NAME
Personal name DANTYAGI, SUSHEELA
245 ## - TITLE STATEMENT
Title FUNDAMENTALS OF TEXTILES AND THEIR CARE
250 ## - EDITION STATEMENT
Edition statement FIFTH EDITION
260 ## - PUBLICATION, DISTRIBUTION, ETC. (IMPRINT)
Place of publication HYDERABAD
Name of publisher ORIENT LONGMAN
Year of publication 2006
300 ## - PHYSICAL DESCRIPTION
Number of Pages 278
520 ## - SUMMARY, ETC.
Summary, etc THE BOOK TAKES INTO ACCOUNT THE MANY NEW DEVELOPMENTS THAT HAVE TAKEN PLACE IN THE FILED OF TEXTILES. STUDY OF RAW MATERIALS TO FINISHED PRODUCTS , CARE OF TEXTILES WITH PARTICULAR RELEVANCE TO INDIAN CONDITIONS
650 ## - SUBJECT ADDED ENTRY--TOPICAL TERM
Topical Term FASHION DESIGNING
Geographic subdivision INDIA
942 ## - ADDED ENTRY ELEMENTS (KOHA)
Koha item type Books
Holdings
Withdrawn status Lost status Collection code Home library Current library Shelving location Date acquired Source of acquisition Cost, normal purchase price Full call number Accession Number Koha item type
    Reference Main Library Main Library SHELF 15G- FASHION,COOKING 24/09/2018 purchase 175.00 646 DAN/F 10253 Books